Les meilleurs tireurs de pénalty au 21è siècle - Statistiques

Statistiques générales
  • Ce quiz a été pris 78 fois
  • Le résultat moyen est 4 sur 10
Statistiques - réponses
Hint Réponse % Correct
95/107 (88,8%) - Angleterre Kane
97%
88/99 (88,9%) ) Pologne Lewandowski
76%
53/61 (86,9%) - Belgique Hazard
63%
35/41 (85,4%) - Espagne Ramos
36%
15/16 (93,8%) - Côte d'ivoire Yaya Touré
31%
24/25 (96%) - Cameroun Aboubakar
30%
62/70 (88,6%) - Portugal Fernandes
24%
48/53 (90,6%) - Italie Balotelli
19%
18/19 (94,7%) - Angleterre Palmer
9%
41/45 (91,1%) - Espagne Santi Cazorla
0%
Aucun quiz correspondant
Distribution des résultats
% des personnes avec chaque résultat
Percentile par nombre de réponses
Votre historique - résultats
Vous n’avez pas pris ce quiz